Hassani Nadjdy - Statistiques

Statistiques générales
  • Ce quiz a été pris 5 fois
  • Le résultat moyen est 9 sur 15
Statistiques - réponses
Hint Réponse % Correct
Combien d'abonnés compte sa chaîne youtube 9
100%
A côté de qui s'asseyait-il en cours ? Eliot
100%
Quelles études fait-il ? Histoire
100%
Sur quelle application allait-il au lieu de noter les cours Instagram
100%
A qui a-t-il envie de passer la bague au doigt ? Klervie
100%
De quel région est-il originaire ? Mayotte
100%
Quelle est sa couleur de peau ? Noir
100%
Sur quel fifa a-t-il publié sa première vidéo ? 18
50%
Quelle matière n'a-t-il pas validé ? Antique
50%
Quel est son jeu vidéo préféré ? Fifa
50%
Qui affronte-t-il dans sa vidéo fifa le 1er juillet 2019 ? Aouzain
0%
Dans quel club de foot évolue-t-il ? Enfants de Mayotte
0%
Ou habite-t-il ? Mamoudzou
0%
Quelle est son équipe de foot préférée ? Real Madrid
0%
Qui est son joueur préféré ? Vinicius
0%
Aucun quiz correspondant
Distribution des résultats
% des personnes avec chaque résultat
Percentile par nombre de réponses
Votre historique - résultats
Vous n’avez pas pris ce quiz